|
|
|
|
| LEADER |
01319nam a2200301 a 4500 |
| 001 |
29253 |
| 003 |
BD-DhAAL |
| 005 |
20240902165331.0 |
| 008 |
150809t19809999bg bs f000 0 eng |
| 010 |
|
|
|a 80903335
|
| 040 |
|
|
|a DLC
|c DLC
|d DLC
|d BD-DhAAL
|
| 050 |
0 |
0 |
|a HN690.S458
|b S54 1980
|
| 082 |
0 |
0 |
|a 305.42095492
|
| 245 |
0 |
0 |
|a Shibpur baseline survey.
|p 1979-80.
|n Volume II.
|
| 264 |
|
|
|a Dacca :
|b Research and Evaluation Division, BRAC,
|c 1980.
|
| 300 |
|
|
|a v. <1 > ;
|c 34 cm.
|
| 362 |
|
|
|a Vol. 2
|
| 504 |
|
|
|a Includes bibliographical references (v. 1, leaves 12-13).
|
| 541 |
|
|
|e 29253
|
| 650 |
|
0 |
|a Rural population
|z India
|z Sibpur
|x Statistics.
|9 13590
|
| 650 |
|
0 |
|a Social surveys
|z India
|z Sibpur.
|9 13591
|
| 651 |
|
0 |
|a Sibpur (India)
|x Rural conditions
|x Statistics.
|9 13592
|
| 710 |
2 |
|
|a Bangladesh Rural Advancement Committee.
|b Research and Evaluation Division.
|9 12971
|
| 852 |
|
|
|a Ayesha Abed Library
|c BRAC Resource Section
|
| 942 |
|
|
|2 ddc
|c BK
|
| 999 |
|
|
|c 35180
|d 35180
|
| 952 |
|
|
|0 0
|1 0
|2 ddc
|4 0
|6 305_420954920000000_BRA
|7 1
|9 55153
|a BRACUL
|b BRACUL
|c BRS
|d 2015-08-09
|e BRAC
|l 1
|o 305.42095492 BRA
|p 3010029253
|r 2026-01-04
|s 2025-03-23
|t 1
|w 2015-08-09
|y BK
|
| 952 |
|
|
|0 0
|1 0
|2 ddc
|4 0
|6 305_420954920000000_BRA
|7 1
|9 55675
|a BRACUL
|b BRACUL
|c BRS
|d 2015-09-01
|e BRAC
|l 0
|o 305.42095492 BRA
|p 3010029254
|r 2015-09-01
|t 2
|w 2015-09-01
|y BK
|